| Tag |
First Indicator |
Second Indicator |
Subfields |
| LEADER |
00000cam a2200000 4500 |
| 001 |
in00000217921 |
| 005 |
20151009082809.0 |
| 008 |
711101s1957 nyua 00000 eng d |
| 010 |
|
|
|a 57008008
|
| 035 |
|
|
|a (OCoLC)00167628
|
| 035 |
|
|
|9 AAZ8601AM
|
| 040 |
|
|
|c WSU
|d TXA
|d UtOrBLW
|
| 049 |
|
|
|a TXAM
|c 1 [284802]
|c 2 [284996]
|
| 090 |
|
|
|a HB171
|b .K69
|
| 100 |
1 |
|
|a Koopmans, Tjalling.
|
| 245 |
1 |
0 |
|a Three essays on the state of economic science.
|
| 264 |
|
1 |
|a New York :
|b McGraw-Hill,
|c 1957.
|
| 300 |
|
|
|a 231 pages :
|b illustrations ;
|c 24 cm.
|
| 336 |
|
|
|a text
|b txt
|2 rdacontent
|
| 337 |
|
|
|a unmediated
|b n
|2 rdamedia
|
| 338 |
|
|
|a volume
|b nc
|2 rdacarrier
|
| 650 |
|
0 |
|a Economics.
|
| 740 |
4 |
|
|a The state of economic science.
|
| 999 |
|
|
|a MARS
|
| 999 |
f |
f |
|s d61486eb-d5f8-3d0c-888b-4b9eaafa833d
|i 5c8b01ac-0cf0-3cf2-ba93-20f06b625cbd
|t 0
|
| 952 |
f |
f |
|p ric
|a Texas A&M University
|b Rellis Campus
|c Joint Library Facility
|d Remote Storage
|t 0
|e HB171 .K69
|h Library of Congress classification
|i unmediated -- volume
|m A14802536622
|
| 998 |
f |
f |
|a HB171 .K69
|t 0
|l Remote Storage
|